Top 10 piłkarzy z największą ilością strzelonych bramek - Statystyki

Ogólne statystyki
  • Ten quiz został rozwiązany 1 892 razy
  • Średni wynik to 5 z 10
Statystyki odpowiedzi
bramki piłkarz % Poprawnych
ok. 815 Cristiano Ronaldo
99%
ok. 765 Lionel Messi
99%
ok. 575 Robert Lewandowski
88%
ok. 770 Pele
82%
ok. 565 Zlatan Ibrahimović
33%
ok. 720 Gerd Muller
32%
ok. 705 Ferenc Puskas
28%
ok. 615 Eusebio
18%
ok. 735 Romario
14%
ok. 635 Josef Bican
12%
Nie znaleziono quizów pasujących do podanych kryteriów
Rozkład punktacji
Procent ludzi z każdym wynikiem
Percentyl według liczby udzielonych odpowiedzi
Twoja historia wyników
Nie rozwiązałeś tego quizu